000 00548nam a2200229Ia 4500
003 OSt
005 20221005125245.0
006 a|||||r|||| 00| 0
007 ta
008 221004b |||||||| |||| 00| 0 san d
024 _a53765
037 _cTextual
040 _aCRL
_cCRL
_bsan
041 _2san
_asan
082 _aO15,3D20, 32G4
100 _aSharma
245 0 _aPancha tantram
260 _c1934
650 _aSANSKRIT LITERATURE
942 _hO15,3D20, 32G4
_cTEXL
_2cc
999 _c1053440
_d1053440